NaÌ€ng Thơ
Đã lưu trong:
| 主要作者: | |
|---|---|
| 格式: | 图书 |
| 语言: | Undetermined |
| 出版: |
H.
HôÌ£i nhaÌ€ văn
2009
|
| 主题: | |
| 在线阅读: | http://lrc.tdmu.edu.vn/opac/search/detail.asp?aID=2&ID=7292 |
| 标签: |
添加标签
没有标签, 成为第一个标记此记录!
|
| Thư viện lưu trữ: | Trung tâm Học liệu Trường Đại học Thủ Dầu Một |
|---|
| LEADER | 00647nam a2200205Ia 4500 | ||
|---|---|---|---|
| 001 | TDMU_7292 | ||
| 008 | 210410s9999 xx 000 0 und d | ||
| 082 | |a 895.9221 | ||
| 090 | |b C112 | ||
| 100 | |a CaÌt Du | ||
| 245 | 0 | |a Nàng | |
| 245 | 0 | |b Thơ | |
| 245 | 0 | |c CaÌt Du | |
| 260 | |a H. | ||
| 260 | |b HôÌ£i nhaÌ€ văn | ||
| 260 | |c 2009 | ||
| 300 | |a 72tr. | ||
| 650 | |a Thơ ViêÌ£t Nam; Thơ; Thơ văn ViêÌ£t Nam; Thơ hiêÌ£n đaÌ£i; Thơ tưÌ£ do | ||
| 856 | |u http://lrc.tdmu.edu.vn/opac/search/detail.asp?aID=2&ID=7292 | ||
| 980 | |a Trung tâm Học liệu Trường Đại học Thủ Dầu Một | ||